|
|
|
|
| LEADER |
00000nam a2200000 a 4500 |
| 001 |
vtls001315602 |
| 003 |
SK-MaSNL |
| 005 |
20260301114016.0 |
| 008 |
240315s1997 xo p r y 0 slo |
| 015 |
|
|
|a SNBA1999/04-01505
|
| 020 |
|
|
|a 8096784323
|
| 035 |
|
|
|a SNK000268093
|
| 035 |
|
|
|a urn:nbn:sk:snk-amthq9
|
| 035 |
|
|
|a urn:nbn:sk:snk-am00c4ey
|
| 035 |
|
|
|a B785C40B-1BE8-4348-AB8B-57C73C2143EC
|
| 040 |
|
|
|a SNK
|b slo
|c SNK
|e AACR2
|
| 041 |
0 |
|
|a slo
|
| 044 |
|
|
|a xo
|c SK
|
| 080 |
|
|
|a 658.8.012.2(035)
|2 1981
|
| 100 |
1 |
|
|a Glickman, Stewart
|4 aut
|9 456906
|
| 245 |
1 |
|
|a Príprava marketingového plánu
|b verzia pre výkonných riadiacich pracovníkov
|c [autori] Stewart Glickman, Richard Satin
|
| 260 |
|
|
|a [Bratislava
|b Poradenské stredisko pre slovenské podniky a banky
|c 1997]
|
| 300 |
|
|
|a 13 s.
|b tab.
|c 30 cm
|
| 500 |
|
|
|a Obalový názov
|
| 650 |
0 |
7 |
|a marketingové plány
|2 SNKPH
|9 76148
|
| 650 |
0 |
7 |
|a marketing
|2 SNKPH
|9 2299
|
| 655 |
|
7 |
|a príručky
|2 SNKPH
|9 74364
|
| 700 |
1 |
|
|a Satin, Richard
|4 aut
|9 456907
|
| 919 |
|
|
|a 80-967843-2-3
|
| 958 |
|
|
|a TL
|
| 999 |
|
|
|c 716721
|d 718651
|
| 952 |
|
|
|t P60, <03>, [BOOK], {603}
|a SNK
|b SNK
|y PREZ
|7 0
|p 17A0112942
|o snkSB 58125
|i snkKSP 89/98
|0 0
|1 0
|4 0
|d 1998-01-09
|f 1
|l 0
|r 2025-04-09 00:00:00
|w 2026-02-23
|
| 952 |
|
|
|t P60, <04>, [BOOK], {604}
|a SNK
|b SNK
|y VYP
|7 0
|p 17A0112943
|o snkSB 58125 D1
|i snkKSP 90/98
|0 0
|1 0
|4 0
|d 1998-01-09
|l 0
|r 2005-01-02 00:00:00
|w 2026-02-23
|